000 00839nam a2200289Ia 4500
001 Para_7361
003 CHAP
008 220125s9999 xx 000 0 und d
010 _a206249
040 _cCHAP
082 _aPA-C 631.81 B86
100 _aWright, R. C.
_9169847
245 _aInvestigations on the storage of nuts /
_c by R. C. Wright
260 _aWashington :
_b EUA. Deepartment of Agriculture
300 _a35 p.
440 _aTechnical bulletin : 770
_9172500
500 _aEnc. con otros impresos similares
650 _aFertilizantes
_x colecciones de escritos
_9172309
650 _aNuez
_x almacenamiento
_982171
901 _aPA-C 631.81 B86
902 _aA
905 _a000000 0000000000 00
910 _a
942 _cPARA
942 _cPARA
_d1
999 _c206249
_d206249